00509 2200193 4500001002100000005001500021035002000036245007600056100001500132250000600147300003500153700001200188260003800200082001100238084001700249020002200266650001000288990001700298INLIS00000000000041620181024011904 a0010-10180001061 aKamus Fiqih untuk Pelajar :bJilid 1 /cAli Rif'an; Penyunting, Fatimah0 aAli Rif'an a- aiv, 44 hlm. :bilus. ;c25 cm.0 aFatimah aCirebon :bCV Gunung Djati,c2009 a297.14 a297.14 ALI k a978-979-1795-65-4 aFiqih a01541/P/2018